| 000 | 00964nac a22002411u 4500 | ||
|---|---|---|---|
| 010 | _a2004303928 | ||
| 020 | _a0072254289 | ||
| 020 | _a0070588627 | ||
| 082 | 0 | 4 |
_a005.75 _bH3251 |
| 090 |
_c715 _d715 |
||
| 100 | _aHart, Matthew. | ||
| 245 | 1 | 0 |
_aOracle database 10g high availability with RAC, Flashback & Data Guard / _cMatthew Hart, Scott Jesse. |
| 260 |
_aNew York : _bMcGraw-Hill/Osborne, _cc2004. |
||
| 300 |
_axviv, 421 p. : _bill. ; _c24 cm. |
||
| 500 | _aIncludes index. | ||
| 500 | _a"Oracle Press." | ||
| 650 | 0 | _aRelational databases. | |
| 700 | 1 | _aJesse, Scott. | |
| 856 | 4 | 2 |
_3Publisher description _uhttp://www.loc.gov/catdir/enhancements/fy0620/2004303928-d.html |
| 856 | 4 | 2 |
_3Table of contents only _uhttp://www.loc.gov/catdir/enhancements/fy0620/2004303928-t.html |
| 942 |
_cBB _k005.75H3251 |
||
| 999 |
_c715 _d715 |
||